[Event "Regionalliga NO 9495"]
[Site "Bayern"]
[Date "1994.??.??"]
[Round "?.5"]
[White "Muehlbauer, Franz"]
[Black "Leitermann, Thomas"]
[Result "1/2-1/2"]
[WhiteElo "2065"]
[BlackElo "2025"]
[PlyCount "106"]
[EventDate "1994.10.??"]
[EventType "team-tourn"]
[EventRounds "9"]
[EventCountry "GER"]
[SourceTitle "EXT 1999"]
[Source "ChessBase"]
[SourceDate "1998.11.16"]
[SourceVersion "1"]
[SourceVersionDate "1998.11.16"]
[SourceQuality "1"]
[WhiteTeam "Furth im Wald"]
[BlackTeam "Kelheim II"]
[WhiteTeamCountry "GER"]
[BlackTeamCountry "GER"]

1. c4 f5 2. Nf3 Nf6 3. g3 g6 4. Bg2 Bg7 5. Nc3 d6 6. 0-0 e5 7. d3 Nc6 8. Nd5 Ne7 9. Nd2 Nfxd5 10. cxd5 0-0 11. Nc4 c6 12. dxc6 Nxc6 13. Ne3 Be6 14. Nd5 Rc8 15. Bd2 Qd7 16. Rc1 Qf7 17. Nc3 Bxa2 18. Nxa2 Qxa2 19. Bc3 Qf7 20. Qa4 a6 21. b4 d5 22. b5 axb5 23. Qxb5 e4 24. Bxg7 Kxg7 25. Rb1 Rc7 26. dxe4 dxe4 27. Rb2 Qf6 28. Qb6 Rff7 29. Rc1 Rcd7 30. Rcb1 Rfe7 31. Qe3 Rd1+ 32. Rxd1 Qxb2 33. h4 h6 34. Bh3 Qe5 35. Rd2 Na5 36. Rd8 Nc6 37. Ra8 Rd7 38. Bf1 Qd4 39. Qa3 Qb4 40. Qa1+ Qd4 41. Qa2 Rd8 42. Rxd8 Nxd8 43. e3 Qf6 44. Bc4 b6 45. Qa7+ Kf8 46. Qd7 g5 47. hxg5 hxg5 48. Qd5 Nf7 49. Qa8+ Kg7 50. Qb7 Kg6 51. Bxf7+ Qxf7 52. Qxb6+ Qf6 53. Qb3 f4 1/2-1/2